| 000 | 01199nam2a22002891 4500 | ||
|---|---|---|---|
| 001 | v19\rc\1374387 | ||
| 005 | 20250618085120.0 | ||
| 035 | _a(NLR Aleph) 004511550 | ||
| 090 |
_a4774998 _c4774998 |
||
| 100 | _a20060512d1877 |||y0rusy50 ca | ||
| 101 | 0 | _arus | |
| 102 | _aRU | ||
| 105 | _ay z ||||| | ||
| 200 | 0 | _a176. 24-го ÑнваÑÑ 1877 г. | |
| 210 |
_dÑенз. 1877 _aÐ. м. |
||
| 215 | _a7 Ñ. | ||
| 461 | 0 |
_1001v19\rc\1374366 _12001#$aÐаÑедание ÐмпеÑаÑоÑÑкого ÐдеÑÑкого обÑеÑÑва иÑÑоÑии и дÑевноÑÑей...$v176. 24-го ÑнваÑÑ 1877 г. _94774789 _aÐдеÑÑкое обÑеÑÑво иÑÑоÑии и дÑевноÑÑей _cÐдеÑÑа _dÑ1867-Ñ1916-1916 _tÐаÑедание ÐмпеÑаÑоÑÑкого ÐдеÑÑкого обÑеÑÑва иÑÑоÑии и дÑевноÑÑей... _v176. 24-го ÑнваÑÑ 1877 г. |
|
| 801 | 0 |
_aRU _bNLR _gpsbo |
|
| 801 | 0 |
_aRU _bRuMoRGB _2psbo |
|
| 801 | 1 |
_aRU _bProSoft-M _2rusmarc |
|
| 852 |
_aNLR _j38.71.1.5(1) |
||
| 852 |
_aNLR _j38.71.1.5 |
||
| 899 |
_aRuMoRGB (1867-1916*) _jE 88/15 |
||
| 899 |
_aRuMoRGB (1867-1916*) _jE 75/409 |
||
| 899 | _aÐÐÐ | ||
| 942 | _cBOOK | ||
| 980 | _aNB | ||